000 00803nas a2200277 4500
001 BR9804645
003 BR-BrBNA
005 20231205101106.0
007 ta
008 230509b bl.|||p| |||| 00| 00por d
040 _aBR-BrBNA
_bpor
_cBiblioteca Nacional de Agricultura
041 _a(Pt)
072 _aL73
100 1 _aBaroni, F. de A.
100 1 _aCampos, S.G. de
100 1 _aDireito, G.M.
245 1 _aEsporotricose em gato (descricao de um caso)
650 _aGato
650 _aEsporotricose
650 _aLesao
650 _aAnalise de Laboratorio
650 _aDiagnostico
773 0 _tRevista Brasileira de Medicina Veterinaria (Brazil)
_xISSN 0100-2430
_g(Jan-Feb 1998), v. 20(1) p. 25-27
_wBR9804645
909 _a202311
_bLúcia
_c55
_dLúcia Elande
942 _2AGRIS
_n0
_cANA
999 _c159671
_d159671